000 00230 a2200097 4500
001 45674
100 _aJames W
245 _aThe principles of psychology
260 _aChicago
_bWilliam Benton publisher
_c
090 _c28853
_d28853
942 _aNUST-CAE
_cM
_c20950
999 _c280747
_d280747